1790 1392 1011 1846 1062 1364 1770 1675 1731 1016 1973 1350 1984 1815 1931 1341 1071 1247 1971 1884 1132 1085 1758 1384 1939 1900 1513 1514 1654 1476 1895 1306 1550 1048 1647 1554 1178 1680 1400 1425 1465 1251 1574 1474 1095 1814 1767 1956 1673 1838 1935 1098 1031 1049 1842 1772 1800 1285 1789 1602 1709 1874 1536 1794 1832 1528 1023 1880 1404 1488 1403 1553 1282 1576 1598 1955 1594 1783 1657 1339 1208 1254 1493 1286 1062 1143 1033 1668 1535 1386 1422 1440 1169 1146 1799 1314 1353 1238 1701 BCNSPRNW ULIB Ver.6.0+V

เปลี่ยนเป็นภาษาไทย

Change to English
 แสดงรายละเอียดบรรณานุกรม
  กลับหน้าหลัก

Brief Record : Get Marc (ISO 2709) : E-mail record : QR code < ปิดหน้าต่าง
LEADER : 00000nam 2200000uu 4500
001    13399108985
003     ULIB
008    110317s2552||||th 000 0 tha d
020    9789741110841
060  4 WA100^bซ112ส 2552
245 00 สุขภาพคนไทย 2552 :^bเพื่อสุขภาวะแห่งมวลมนุษย์หยุดความรุนแรง /^cชื่นฤทัย กาญจนะจิตรา ... [และคนอื่น ๆ]
250    พิมพ์ครั้งที่ 1
260    นครปฐม :^bสถาบันวิจัยประชากรและสังคม มหาวิทยาลัยมหิดล,^c2552
300    128 หน้า :^bภาพประกอบ ;^c29 ซม.
490 1  เอกสารทางวิชาการ / สถาบันวิจัยประชากรและสังคมมหาวิทยาลัยมหิดล ;^vหมายเลข 355
500    ชื่อเรื่องจากปก :
536    สนับสนุนโดย สำนักงานกองทุนสนับสนุนการสร้างเสริมสุขภาพ(สสส.) และ สำนักงานคณะกรรมการสุขภาพแห่งชาติ (สช.)
650  7 สุขภาพ
650  7 ระบบบริการสุขภาพ
650  7 สารนิเทศศาสตร์ทางการแพทย์
650  7 ไทย^xภาวะสังคม
650  7 ความรุนแรง
653    ดัชนีสุขภาพ
700 0  ชื่นฤทัย กาญจนะจิตรา
700 0  ชาย โพธิสิตา
700 0  กฤตยา อาชวนิชกุล
700 0  อุมาภรณ์ ภัทรวาณิชย์
700 0  กุลวีณ์ ศิริรัตน์มงคล
700 0  ปาณฉัตร เสียงดัง
700 0  สุภรต์ จรัสสิทธิ์
710 2  มหาวิทยาลัยมหิดล.^bสถาบันวิจัยประชากรและสังคม
710 2  สำนักงานกองทุนสนับสนุนการสร้างเสริมสุขภาพ (สสส.)
710 2  สำนักงานคณะกรรมการสุขภาพแห่งชาติ (สช.)
830  0 เอกสารทางวิชาการ (มหาวิทยาลัยมหิดล.สถาบันวิจัยประชากรและสังคม) ;^vหมายเลข 355
945    ^p0^l0^i027606
945    ^p0^l0^i031806
995    ทศพร
999 ^a ใช้งานได้ทุกระบบ
รายการนี้ยังไม่มีแท็ก
คุณยังไม่ได้ล็อกอิน คุณสามารถมีกิจกรรมร่วมกับเว็บไซต์ได้ แต่ต้องล็อกอินก่อน ::
  ล็อกอิน

รายการสื่อสารสนเทศ

ลำดับที่ ประเภท เลขเรียก/บาร์โค้ด สถานที่ สถานะ
- ไม่พบข้อมูล -

รายการใกล้เคียง
    หัวเรื่อง [สุขภาพ]
    หัวเรื่อง [ระบบบริการสุขภาพ]
    หัวเรื่อง [สารนิเทศศาสตร์ทางการแพทย์]
    หัวเรื่อง [ความรุนแรง]

BibComment


ยังไม่เคยถูกคอมเมนท์

คอมเมนท์ทรัพยากรรายการนี้
  คอมเมนท์: สุขภาพคนไทย 2552 ..


 Copyright 2026. Bcnsprnw @Library